00337nam a22001457a 4500008004100000020001500041041000800056080002100064082001000085100000700095101000800102245005200110942001200162999001700174181011b xxu||||| |||| 00| 0 eng d a030642536X aeng a159.9b159.9 LAH a159.9 a48 aPSI aAdvances in clinical child psychologycLAH. B.B 2udccBK c49341d49341